000 00924nam a2200337 a 4500
001 vtls000005403
003 NLI
005 20210601180459.0
008 101125s1998 ii a 001 0 engd
020 _a812241169X
039 9 _y201011250021
_zVLOAD
040 0 _aNLI
_beng
_cVERGIS-2003
041 0 _aeng
044 _aii
082 0 4 _a615.19
100 1 _aSambamoorthy, K.
_d1931-
_920926
245 1 0 _aPharmaceutical engineering/
_cK. Sambamoorthy
260 _aNew Delhi:
_bNew Age International,
_cc1998
300 _ax, 487 p.:
_bill.;
_c24 cm.
500 _aIncludes index
650 0 _aPharmaceutical technology
_920927
887 _aM.Babykamala
901 _aDB 75109
_b21/01/1999
902 _aE 615.19 Sa 44
903 _a18/02/2004
904 _aM.Babykamala
906 _a003436
949 _AVIRTUAITEM
_D10000
_F1
_X100
_6DBA000075109ENG
_aE 615.19 Sa44
942 _2ddc
_cBKS
999 _c9268
_d9268